Normal view
MARC view
- Islam -- Customs and Practices
Entry Topical Term
001 - CONTROL NUMBER
- control field: 37439
003 - CONTROL NUMBER IDENTIFIER
- control field: NUST
005 - DATE AND TIME OF LATEST TRANSACTION
- control field: 20210314130258.0
008 - FIXED-LENGTH DATA ELEMENTS
- fixed length control field: 210314|| aca||aabn | a|a d
040 ## - CATALOGING SOURCE
- Original cataloging agency: NUST
- Transcribing agency: NUST
150 ## - HEADING--TOPICAL TERM
- Topical term or geographic name entry element: Islam -- Customs and Practices
670 ## - SOURCE DATA FOUND
- Source citation: Work cat.: (NUST): Abul Quasem, Muhammad 37438, Salvation of the soul and Islamic devotions, 1983
